000 00544nmm a2200157Ia 4500
008 251105s9999||||xx |||||||||||||||||und||
020 _a9788491801948
041 _aspa
100 _aFont Barrot, Alfred
245 0 _aCurso de negociación estratégica (nueva edición revisada y ampliada)
264 _a[Madrid, España] :
_bUniversitat Oberta de Catalunya,
_c[Fecha de publicación no identificada]
300 _a226 páginas
650 _aEconomics and Business
856 _uhttps://public.digitaliapublishing.com/a/54919
942 _cCF
999 _c88648
_d88648